LEADER 01253nam1-2200385---450- 001 990002948750203316 005 20100219133423.0 035 $a000294875 035 $aUSA01000294875 035 $a(ALEPH)000294875USA01 035 $a000294875 100 $a20070625f---0---9km-y0itay50------ba 101 0 $aita 102 $aIT 105 $a||||||||001yy 200 1 $a<> mito nella letteratura italiana$fopera diretta da Pietro Gibellini 210 $aBrescia$cMorcelliana 215 $av.$d22 cm 463 \1$1001990002143510203316$12001 $a<<5:>> Percorsi 463 \1$1001990002143700203316$12001 $a<<5.1:>> Miti senza frontiere 463 \1$1001990002948760203316$12001 $a<<2.>> : Dal Barocco all'Illuminismo 606 0 $aLetteratura italiana$xTemi [:] Miti$2BNCF 676 $a850.937 702 1$aGIBELLINI,$bPietro 801 0$aIT$bsalbc$gISBD 912 $a990002948750203316 951 $aVI.3.C. 56/$bL.M.$cVI.3.C. 959 $aBK 969 $aUMA 979 $aRIVELLI$b90$c20070625$lUSA01$h0936 979 $aRIVELLI$b90$c20070625$lUSA01$h0944 979 $aRIVELLI$b90$c20070625$lUSA01$h0944 979 $aANNAMARIA$b90$c20100219$lUSA01$h1334 996 $aMito nella letteratura italiana$9542549 997 $aUNISA LEADER 00869nam0-22002891i-450- 001 990005278690403321 005 20070702102021.0 035 $a000527869 035 $aFED01000527869 035 $a(Aleph)000527869FED01 035 $a000527869 100 $a19990604d1966----km-y0itay50------ba 101 0 $ager 105 $ay-------001yy 200 1 $aWort und Schrift$eBeiträge zur Auslegung und Auslegungsgeschichte des Neuen Testamentes$fKarl Hermann Schelkle 210 $aDnsseldorf$cPatmos$dc.1966 215 $a322 p.$d24 cm 225 1 $aKommentare und Beiträge zum alten Neuen Testament 676 $a225.6 700 1$aSchelkle,$bKarl Hermann$0169211 801 0$aIT$bUNINA$gRICA$2UNIMARC 901 $aBK 912 $a990005278690403321 952 $a225.6 SCH 3$bS.I.$fFLFBC 959 $aFLFBC 996 $aWort und Schrift$9537511 997 $aUNINA LEADER 01438aam 2200409I 450 001 9910709917703321 005 20151118015316.0 024 8 $aGOVPUB-C13-b8945ab95dddc81d590017c792f76bf5 035 $a(CKB)5470000002475093 035 $a(OCoLC)929878912 035 $a(EXLCZ)995470000002475093 100 $a20151118d1978 ua 0 101 0 $aeng 181 $2rdacontent 182 $2rdamedia 183 $2rdacarrier 200 10$aCollaborative reference program for paper $ereport no. 52S strength tests /$fR. G. Powell; E. B. Randall Jr.; J. Horlick 210 1$aGaithersburg, MD :$cU.S. Dept. of Commerce, National Institute of Standards and Technology,$d1978. 215 $a1 online resource 225 1 $aNBSIR ;$v78-1342 300 $a1978. 300 $aContributed record: Metadata reviewed, not verified. Some fields updated by batch processes. 300 $aTitle from PDF title page. 320 $aIncludes bibliographical references. 517 $aCollaborative reference program for paper 700 $aPowell$b R. G$01386938 701 $aHorlick$b J$01386491 701 $aPowell$b R. G$01386938 701 $aRandall$b E. B., Jr$01386939 712 02$aUnited States.$bNational Bureau of Standards. 801 0$bNBS 801 1$bNBS 801 2$bGPO 906 $aBOOK 912 $a9910709917703321 996 $aCollaborative reference program for paper$93436261 997 $aUNINA